Statistics for U.S. General Knowledge by Letter - V

Click here to take the quiz!

General Stats

  • This quiz has been taken 59 times
  • The average score is 6 of 10

Answer Stats

HintAnswer% Correct
Biggest city in Nevada: Las _____Vegas
100%
National Park in California: Death _____Valley
100%
U.S. State called "Mother of the presidents"Virginia
96%
2nd least populated stateVermont
90%
Minnesota NFL TeamVikings
71%
Biggest city in the aboveVirginia Beach
57%
Oregon suburb in WashingtonVancouver
39%
This city is near Mount WhitneyVisalia
12%
Suburb of San DiegoVista
12%
National park in MinnesotaVoyageurs
6%

Score Distribution

Percentile by Number Answered

Percent of People with Each Score

Your Score History

You have not taken this quiz